| 000 -LEADER |
| fixed length control field |
01070cam a2200313 a 4500 |
| 001 - CONTROL NUMBER |
| control field |
14949813 |
| 005 - DATE AND TIME OF LATEST TRANSACTION |
| control field |
20180306063312.0 |
| 008 - FIXED-LENGTH DATA ELEMENTS--GENERAL INFORMATION |
| fixed length control field |
070801s2008 caua bf 001 0 eng |
| 010 ## - LIBRARY OF CONGRESS CONTROL NUMBER |
| LC control number |
2007031738 |
| 015 ## - NATIONAL BIBLIOGRAPHY NUMBER |
| National bibliography number |
GBA788683 |
| Source |
bnb |
| 016 7# - NATIONAL BIBLIOGRAPHIC AGENCY CONTROL NUMBER |
| Record control number |
014235705 |
| Source |
Uk |
| 020 ## - INTERNATIONAL STANDARD BOOK NUMBER |
| International Standard Book Number |
9781412949682 (alk. paper) |
| 020 ## - INTERNATIONAL STANDARD BOOK NUMBER |
| International Standard Book Number |
1412949688 (alk. paper) |
| 035 ## - SYSTEM CONTROL NUMBER |
| System control number |
(OCoLC)ocn163614067 |
| 035 ## - SYSTEM CONTROL NUMBER |
| System control number |
(OCoLC)163614067 |
| Canceled/invalid control number |
(OCoLC)145554795 |
| 040 ## - CATALOGING SOURCE |
| Original cataloging agency |
DLC |
| Transcribing agency |
DLC |
| Modifying agency |
YDX |
| -- |
BAKER |
| -- |
YDXCP |
| -- |
BTCTA |
| -- |
EZU |
| -- |
NLGGC |
| -- |
BWX |
| -- |
UKM |
| -- |
MUQ |
| -- |
DLC |
| 041 ## - LANGUAGE CODE |
| Language code of text/sound track or separate title |
eng |
| 080 ## - UNIVERSAL DECIMAL CLASSIFICATION NUMBER |
| Universal Decimal Classification number |
150 jam |
| 082 00 - DEWEY DECIMAL CLASSIFICATION NUMBER |
| Classification number |
150 jam |
| Edition number |
22 |
| 084 ## - OTHER CLASSIFICATION NUMBER |
| Classification number |
77.00 |
| Source of number |
bcl |
| 100 ## - Rafti |
| Rafti |
50 |
| 101 ## - Shkurtesa |
| Shkurtesa |
psi |
| 245 00 - TITLE STATEMENT |
| Title |
century psychology : |
| Statement of responsibility, etc |
edited by Stephen F. Davis, William Buskist. |
| 246 3# - VARYING FORM OF TITLE |
| Title proper/short title |
Twenty first century psychology |
| 504 ## - BIBLIOGRAPHY, ETC. NOTE |
| Bibliography, etc |
Includes bibliographical references and index. |
| 906 ## - LOCAL DATA ELEMENT F, LDF (RLIN) |
| a |
7 |
| b |
cbc |
| c |
orignew |
| d |
1 |
| e |
ecip |
| f |
20 |
| g |
y-gencatlg |
| 942 ## - ADDED ENTRY ELEMENTS (KOHA) |
| Source of classification or shelving scheme |
|
| Item type |
Books |